[Event "Lazy Baltic Pearl op-A 19th"]
[Site "Lazy"]
[Date "2023.06.28"]
[Round "3"]
[White "Slawinski, Miroslaw"]
[Black "Wesolek, Krzysztof"]
[Result "0-1"]
[WhiteElo "2011"]
[BlackElo "1782"]
[PlyCount "122"]
[EventDate "2023.06.26"]
[EventType "swiss"]
[EventRounds "9"]
[EventCountry "POL"]
[SourceTitle "CBM 215 Extra"]
[Source "ChessBase"]
[SourceDate "2023.09.30"]
[SourceVersion "1"]
[SourceVersionDate "2023.09.30"]
[SourceQuality "1"]

1. d4 d5 2. Nf3 Nf6 3. Bf4 c5 4. e3 Nc6 5. c3 Qb6 6. Qb3 c4 7. Qxb6 axb6 8. Nbd2 b5 9. a3 Bf5 10. Nh4 Bg6 11. Rd1 e6 12. Nxg6 hxg6 13. h3 Be7 14. Be2 Nd7 15. e4 g5 16. Bh2 f5 17. exd5 exd5 18. Nf3 g4 19. Ng1 gxh3 20. Nxh3 g5 21. 0-0 0-0-0 22. b3 Rh7 23. f3 f4 24. a4 Na5 25. b4 Nb3 26. axb5 Nb6 27. Ra1 Nxa1 28. Rxa1 Re8 29. Bd1 Bf6 30. Bc2 Rhe7 31. Bf5+ Kd8 32. Kf1 Re3 33. g3 Rxf3+ 34. Kg2 Rxc3 35. gxf4 Bxd4 36. Rd1 Re2+ 37. Kh1 Rxh3 38. Bxh3 c3 39. Bf5 Rd2 40. Rc1 Bg7 41. fxg5 d4 42. Bg1 Nd5 43. Ra1 Nxb4 44. Ra8+ Kc7 45. Rg8 Be5 46. Re8 Kd6 47. g6 c2 48. Rd8+ Ke7 49. Rd7+ Ke8 50. Rc7 Kf8 51. Rc8+ Ke7 52. b6 Nc6 53. g7 Bxg7 54. Rc7+ Kf6 55. Bxc2 Rxc2 56. Rxb7 d3 57. Rd7 d2 58. b7 Ke6 59. Rc7 d1Q 60. Rxc6+ Rxc6 61. b8Q Qf3+ 0-1

[Event "Lazy Baltic Pearl op-A 18th"]
[Site "Lazy"]
[Date "2022.07.03"]
[Round "8"]
[White "Slawinski, Miroslaw"]
[Black "Kaliszuk, Kamil"]
[Result "1/2-1/2"]
[WhiteElo "2025"]
[BlackElo "2088"]
[PlyCount "84"]
[EventDate "2022.06.26"]
[EventType "swiss"]
[EventRounds "9"]
[EventCountry "POL"]
[SourceTitle "CBM 209 Extra"]
[Source "ChessBase"]
[SourceDate "2022.09.30"]
[SourceVersion "1"]
[SourceVersionDate "2022.09.30"]
[SourceQuality "1"]

1. d4 d5 2. Nf3 Nf6 3. Bf4 e6 4. e3 c5 5. Nbd2 Bd6 6. Ne5 Qc7 7. Bg3 0-0 8. c3 Nfd7 9. f4 f6 10. Nxd7 Nxd7 11. Nf3 c4 12. Bh4 b5 13. a3 a5 14. Be2 Rb8 15. 0-0 Bb7 16. Be1 Bc6 17. Bd2 b4 18. axb4 axb4 19. Qe1 bxc3 20. Bxc3 Nb6 21. Bd1 Qd7 22. Bc2 Na4 23. Qh4 g6 24. Bxa4 Bxa4 25. g4 Bc2 26. g5 f5 27. Ne5 Bxe5 28. dxe5 Ra8 29. Qf2 Bd3 30. Rfc1 Qb7 31. Bd4 Rxa1 32. Rxa1 Ra8 33. Qe1 Ra6 34. Kf2 c3 35. Bxc3 Qb3 36. Rxa6 Bxa6 37. Bd4 Qc4 38. Kg3 Qf1 39. Qxf1 Bxf1 40. Kf2 Ba6 41. Ke1 Kf7 42. Kd2 Ke7 1/2-1/2

[Event "POL-chT 2nd League"]
[Site "Sypniewo"]
[Date "2021.09.10"]
[Round "7.5"]
[White "Slawinski, Miroslaw"]
[Black "Krzywda, Andrzej"]
[Result "0-1"]
[WhiteElo "2035"]
[BlackElo "2076"]
[PlyCount "88"]
[EventDate "2021.09.04"]
[EventType "team-swiss"]
[EventRounds "9"]
[EventCountry "POL"]
[SourceTitle "CBM 204 Extra"]
[Source "ChessBase"]
[SourceDate "2021.11.30"]
[SourceVersion "1"]
[SourceVersionDate "2021.11.30"]
[SourceQuality "1"]
[WhiteTeam "Olsztyn Trzydziestka"]
[BlackTeam "Chroscice Victoria"]
[WhiteTeamCountry "POL"]
[BlackTeamCountry "POL"]

1. d4 Nf6 2. Nf3 c5 3. e3 g6 4. Be2 Bg7 5. b3 0-0 6. Bb2 d5 7. Nbd2 cxd4 8. exd4 Nc6 9. Ne5 Qc7 10. f4 Bf5 11. g4 Nxe5 12. dxe5 Bxc2 13. Rc1 Bxd1 14. Rxc7 Ne8 15. Rxe7 Bxe2 16. Kxe2 f5 17. g5 Rf7 18. Rxf7 Kxf7 19. Rc1 Rd8 20. Nf3 Rd7 21. Nd4 Rc7 22. Rh1 Bf8 23. h4 Ng7 24. Kd3 a6 25. h5 Nxh5 26. Rxh5 gxh5 27. Nxf5 h6 28. gxh6 Kg6 29. Ne3 h4 30. f5+ Kxh6 31. e6 Kg5 32. Be5 Rc6 33. Kd4 h3 34. Nxd5 Kxf5 35. e7 Rc8 36. exf8Q+ Rxf8 37. Bh2 Rd8 38. Kc5 Ke4 39. Nf6+ Kf3 40. Kb6 Rd2 41. Bc7 Rc2 42. Bb8 Rc6+ 43. Kxb7 Rxf6 44. b4 Rf4 0-1